<?xml version="1.0" encoding="UTF-8"?><marc:collection xmlns:marc="http://www.loc.gov/MARC21/slim">
  <marc:record>
    <marc:leader>05440nas a2200865 c 4500</marc:leader>
    <marc:controlfield tag="001">010027092</marc:controlfield>
    <marc:controlfield tag="003">DE-101</marc:controlfield>
    <marc:controlfield tag="005">20250311200052.0</marc:controlfield>
    <marc:controlfield tag="007">tu</marc:controlfield>
    <marc:controlfield tag="008">991118d19621999gw a||p|  ||| 0||||1ger c</marc:controlfield>
    <marc:datafield tag="015" ind1=" " ind2=" ">
      <marc:subfield code="a">94,A33,1187</marc:subfield>
      <marc:subfield code="2">dnb</marc:subfield>
    </marc:datafield>
    <marc:datafield tag="016" ind1="7" ind2=" ">
      <marc:subfield code="2">DE-600</marc:subfield>
      <marc:subfield code="a">2005-9</marc:subfield>
    </marc:datafield>
    <marc:datafield tag="016" ind1="7" ind2=" ">
      <marc:subfield code="2">DE-101</marc:subfield>
      <marc:subfield code="a">010027092</marc:subfield>
    </marc:datafield>
    <marc:datafield tag="022" ind1=" " ind2=" ">
      <marc:subfield code="a">0430-3393</marc:subfield>
    </marc:datafield>
    <marc:datafield tag="022" ind1=" " ind2=" ">
      <marc:subfield code="a">0430-3393</marc:subfield>
      <marc:subfield code="2">6</marc:subfield>
    </marc:datafield>
    <marc:datafield tag="030" ind1=" " ind2=" ">
      <marc:subfield code="a">FSTKA</marc:subfield>
    </marc:datafield>
    <marc:datafield tag="035" ind1=" " ind2=" ">
      <marc:subfield code="a">(DE-599)ZDB2005-9</marc:subfield>
    </marc:datafield>
    <marc:datafield tag="035" ind1=" " ind2=" ">
      <marc:subfield code="a">(OCoLC)1367312813</marc:subfield>
    </marc:datafield>
    <marc:datafield tag="040" ind1=" " ind2=" ">
      <marc:subfield code="a">9001</marc:subfield>
      <marc:subfield code="b">ger</marc:subfield>
      <marc:subfield code="c">DE-101</marc:subfield>
      <marc:subfield code="d">9999</marc:subfield>
    </marc:datafield>
    <marc:datafield tag="041" ind1=" " ind2=" ">
      <marc:subfield code="a">ger</marc:subfield>
    </marc:datafield>
    <marc:datafield tag="042" ind1=" " ind2=" ">
      <marc:subfield code="a">zdb</marc:subfield>
    </marc:datafield>
    <marc:datafield tag="044" ind1=" " ind2=" ">
      <marc:subfield code="c">XA-DE</marc:subfield>
    </marc:datafield>
    <marc:datafield tag="082" ind1="7" ind2="4">
      <marc:subfield code="a">530</marc:subfield>
      <marc:subfield code="q">DE-600</marc:subfield>
      <marc:subfield code="2">22sdnb</marc:subfield>
    </marc:datafield>
    <marc:datafield tag="084" ind1=" " ind2=" ">
      <marc:subfield code="a">29</marc:subfield>
      <marc:subfield code="a">520</marc:subfield>
      <marc:subfield code="a">530</marc:subfield>
      <marc:subfield code="q">DE-101</marc:subfield>
      <marc:subfield code="2">sdnb</marc:subfield>
    </marc:datafield>
    <marc:datafield tag="084" ind1=" " ind2=" ">
      <marc:subfield code="a">UP 1000</marc:subfield>
      <marc:subfield code="a">UP 1090</marc:subfield>
      <marc:subfield code="2">rvk</marc:subfield>
    </marc:datafield>
    <marc:datafield tag="084" ind1=" " ind2=" ">
      <marc:subfield code="a">PHY 601f</marc:subfield>
      <marc:subfield code="2">stub</marc:subfield>
    </marc:datafield>
    <marc:datafield tag="210" ind1="0" ind2="0">
      <marc:subfield code="a">Festkoerperprobleme</marc:subfield>
    </marc:datafield>
    <marc:datafield tag="210" ind1="0" ind2="0">
      <marc:subfield code="a">Festkörperprobl.</marc:subfield>
    </marc:datafield>
    <marc:datafield tag="210" ind1="0" ind2="0">
      <marc:subfield code="a">Adv. Solid State Phys.</marc:subfield>
    </marc:datafield>
    <marc:datafield tag="222" ind1=" " ind2="0">
      <marc:subfield code="a">Festkörperprobleme</marc:subfield>
      <marc:subfield code="b">Braunschweig</marc:subfield>
    </marc:datafield>
    <marc:datafield tag="245" ind1="0" ind2="0">
      <marc:subfield code="a">Festkörperprobleme</marc:subfield>
      <marc:subfield code="b">= Advances in solid state physics</marc:subfield>
      <marc:subfield code="c">hrsg. von Fritz Sauter</marc:subfield>
    </marc:datafield>
    <marc:datafield tag="246" ind1="1" ind2="1">
      <marc:subfield code="a">Advances in solid state physics</marc:subfield>
    </marc:datafield>
    <marc:datafield tag="247" ind1="0" ind2="0">
      <marc:subfield code="a">zugleich Halbleiterprobleme in Referaten des Halbleiterausschusses des Verbandes Deutscher Physikalischer Gesellschaften</marc:subfield>
      <marc:subfield code="f">Zusatz 1=7.1961 - 4=10.1964</marc:subfield>
    </marc:datafield>
    <marc:datafield tag="247" ind1="0" ind2="0">
      <marc:subfield code="a">in Referaten des Fachausschusses "Halbleiter" der Deutschen Physikalischen Gesellschaft</marc:subfield>
      <marc:subfield code="f">5=11.1965 - 8.1968</marc:subfield>
    </marc:datafield>
    <marc:datafield tag="247" ind1="0" ind2="0">
      <marc:subfield code="a">in Referaten der Fachausschüsse "Halbleiterphysik" ... der Deutschen Physikalischen Gesellschaft</marc:subfield>
      <marc:subfield code="f">9.1969 - 10.1970</marc:subfield>
    </marc:datafield>
    <marc:datafield tag="247" ind1="0" ind2="0">
      <marc:subfield code="a">in Referaten der Arbeitsgemeinschaften "Halbleiter" ... der Deutschen Physikalischen Gesellschaft</marc:subfield>
      <marc:subfield code="f">11.1971 - 12.1972</marc:subfield>
    </marc:datafield>
    <marc:datafield tag="247" ind1="0" ind2="0">
      <marc:subfield code="a">in Referaten d. Fachausschüsse Halbleiterphysik, Tiefe Temperaturen, Thermodynamik u. d. Arbeitsgemeinschaft Metallphysik d. Deutschen Physikalischen Gesellschaft</marc:subfield>
      <marc:subfield code="f">später</marc:subfield>
    </marc:datafield>
    <marc:datafield tag="264" ind1="3" ind2="1">
      <marc:subfield code="a">Braunschweig</marc:subfield>
      <marc:subfield code="a">Wiesbaden</marc:subfield>
      <marc:subfield code="b">Vieweg</marc:subfield>
      <marc:subfield code="c">1962-1999</marc:subfield>
    </marc:datafield>
    <marc:datafield tag="264" ind1="2" ind2="1">
      <marc:subfield code="3">-15.1975</marc:subfield>
      <marc:subfield code="a">Braunschweig</marc:subfield>
      <marc:subfield code="a">Wiesbaden</marc:subfield>
      <marc:subfield code="b">Vieweg</marc:subfield>
    </marc:datafield>
    <marc:datafield tag="264" ind1="2" ind2="1">
      <marc:subfield code="3">-15.1975</marc:subfield>
      <marc:subfield code="a">Oxford</marc:subfield>
      <marc:subfield code="a">Elmsford</marc:subfield>
      <marc:subfield code="a">Toronto</marc:subfield>
      <marc:subfield code="a">Sydney</marc:subfield>
      <marc:subfield code="b">Pergamon Press</marc:subfield>
    </marc:datafield>
    <marc:datafield tag="300" ind1=" " ind2=" ">
      <marc:subfield code="c">23 cm</marc:subfield>
    </marc:datafield>
    <marc:datafield tag="336" ind1=" " ind2=" ">
      <marc:subfield code="a">Text</marc:subfield>
      <marc:subfield code="b">txt</marc:subfield>
      <marc:subfield code="2">rdacontent</marc:subfield>
    </marc:datafield>
    <marc:datafield tag="337" ind1=" " ind2=" ">
      <marc:subfield code="a">ohne Hilfsmittel zu benutzen</marc:subfield>
      <marc:subfield code="b">n</marc:subfield>
      <marc:subfield code="2">rdamedia</marc:subfield>
    </marc:datafield>
    <marc:datafield tag="338" ind1=" " ind2=" ">
      <marc:subfield code="a">Band</marc:subfield>
      <marc:subfield code="b">nc</marc:subfield>
      <marc:subfield code="2">rdacarrier</marc:subfield>
    </marc:datafield>
    <marc:datafield tag="362" ind1="0" ind2=" ">
      <marc:subfield code="a">1=7.1961(1962) - 6=12.1966(1967); 7.1967 - 38.1999</marc:subfield>
    </marc:datafield>
    <marc:datafield tag="363" ind1="0" ind2="0">
      <marc:subfield code="8">1.1\x</marc:subfield>
      <marc:subfield code="a">1</marc:subfield>
      <marc:subfield code="i">1961</marc:subfield>
    </marc:datafield>
    <marc:datafield tag="363" ind1="1" ind2="0">
      <marc:subfield code="8">1.2\x</marc:subfield>
      <marc:subfield code="a">6</marc:subfield>
      <marc:subfield code="i">1966</marc:subfield>
    </marc:datafield>
    <marc:datafield tag="363" ind1="0" ind2="0">
      <marc:subfield code="8">2.1\x</marc:subfield>
      <marc:subfield code="a">7</marc:subfield>
      <marc:subfield code="i">1967</marc:subfield>
    </marc:datafield>
    <marc:datafield tag="363" ind1="1" ind2="0">
      <marc:subfield code="8">2.2\x</marc:subfield>
      <marc:subfield code="a">38</marc:subfield>
      <marc:subfield code="i">1999</marc:subfield>
    </marc:datafield>
    <marc:datafield tag="500" ind1=" " ind2=" ">
      <marc:subfield code="a">Lizenzausg.: Berlin : Akademie-Verlag</marc:subfield>
    </marc:datafield>
    <marc:datafield tag="515" ind1=" " ind2=" ">
      <marc:subfield code="a">Ersch. jährl.</marc:subfield>
    </marc:datafield>
    <marc:datafield tag="546" ind1=" " ind2=" ">
      <marc:subfield code="a">Ab 13.1973: Text engl</marc:subfield>
    </marc:datafield>
    <marc:datafield tag="555" ind1="8" ind2=" ">
      <marc:subfield code="a">Index 1/16.1961/76 in: 17.1977; 1/24.1961/84 in: 24.1984; 1/33.1961/94 in: 33.1994; 31/35.1991/96 in: 35.1996; 33/37.1994/98 in: 37.1998; Index regelmäßig kumulierend</marc:subfield>
    </marc:datafield>
    <marc:datafield tag="583" ind1="1" ind2=" ">
      <marc:subfield code="a">Archivierung/Langzeitarchivierung gewährleistet</marc:subfield>
      <marc:subfield code="f">PESL</marc:subfield>
      <marc:subfield code="5">DE-291</marc:subfield>
      <marc:subfield code="2">pdager</marc:subfield>
    </marc:datafield>
    <marc:datafield tag="591" ind1=" " ind2=" ">
      <marc:subfield code="a">C</marc:subfield>
    </marc:datafield>
    <marc:datafield tag="650" ind1=" " ind2="7">
      <marc:subfield code="0">(DE-588)4016921-2</marc:subfield>
      <marc:subfield code="0">https://d-nb.info/gnd/4016921-2</marc:subfield>
      <marc:subfield code="0">(DE-101)040169219</marc:subfield>
      <marc:subfield code="a">Festkörperphysik</marc:subfield>
      <marc:subfield code="9">rswk-swf</marc:subfield>
      <marc:subfield code="2">gnd</marc:subfield>
    </marc:datafield>
    <marc:datafield tag="650" ind1=" " ind2="7">
      <marc:subfield code="0">(DE-588)4143413-4</marc:subfield>
      <marc:subfield code="0">https://d-nb.info/gnd/4143413-4</marc:subfield>
      <marc:subfield code="0">(DE-101)041434137</marc:subfield>
      <marc:subfield code="a">Aufsatzsammlung</marc:subfield>
      <marc:subfield code="9">rswk-swf</marc:subfield>
      <marc:subfield code="2">gnd</marc:subfield>
    </marc:datafield>
    <marc:datafield tag="650" ind1=" " ind2="7">
      <marc:subfield code="0">(DE-588)4016921-2</marc:subfield>
      <marc:subfield code="0">https://d-nb.info/gnd/4016921-2</marc:subfield>
      <marc:subfield code="0">(DE-101)040169219</marc:subfield>
      <marc:subfield code="a">Festkörperphysik</marc:subfield>
      <marc:subfield code="9">rswk-swf</marc:subfield>
      <marc:subfield code="2">gnd</marc:subfield>
    </marc:datafield>
    <marc:datafield tag="655" ind1=" " ind2="7">
      <marc:subfield code="0">(DE-588)4067488-5</marc:subfield>
      <marc:subfield code="0">https://d-nb.info/gnd/4067488-5</marc:subfield>
      <marc:subfield code="0">(DE-101)040674886</marc:subfield>
      <marc:subfield code="a">Zeitschrift</marc:subfield>
      <marc:subfield code="2">gnd-content</marc:subfield>
    </marc:datafield>
    <marc:datafield tag="689" ind1="0" ind2="0">
      <marc:subfield code="0">(DE-588)4016921-2</marc:subfield>
      <marc:subfield code="0">https://d-nb.info/gnd/4016921-2</marc:subfield>
      <marc:subfield code="0">(DE-101)040169219</marc:subfield>
      <marc:subfield code="D">s</marc:subfield>
      <marc:subfield code="a">Festkörperphysik</marc:subfield>
    </marc:datafield>
    <marc:datafield tag="689" ind1="0" ind2="1">
      <marc:subfield code="0">(DE-588)4143413-4</marc:subfield>
      <marc:subfield code="0">https://d-nb.info/gnd/4143413-4</marc:subfield>
      <marc:subfield code="0">(DE-101)041434137</marc:subfield>
      <marc:subfield code="D">s</marc:subfield>
      <marc:subfield code="a">Aufsatzsammlung</marc:subfield>
    </marc:datafield>
    <marc:datafield tag="689" ind1="0" ind2=" ">
      <marc:subfield code="5">DE-600</marc:subfield>
      <marc:subfield code="5">DE-600</marc:subfield>
    </marc:datafield>
    <marc:datafield tag="689" ind1="1" ind2="0">
      <marc:subfield code="0">(DE-588)4016921-2</marc:subfield>
      <marc:subfield code="0">https://d-nb.info/gnd/4016921-2</marc:subfield>
      <marc:subfield code="0">(DE-101)040169219</marc:subfield>
      <marc:subfield code="D">s</marc:subfield>
      <marc:subfield code="a">Festkörperphysik</marc:subfield>
    </marc:datafield>
    <marc:datafield tag="689" ind1="1" ind2=" ">
      <marc:subfield code="5">DE-600</marc:subfield>
      <marc:subfield code="5">DE-600</marc:subfield>
    </marc:datafield>
    <marc:datafield tag="710" ind1="2" ind2=" ">
      <marc:subfield code="0">(DE-588)2024790-4</marc:subfield>
      <marc:subfield code="0">https://d-nb.info/gnd/2024790-4</marc:subfield>
      <marc:subfield code="0">(DE-101)004820223</marc:subfield>
      <marc:subfield code="a">Verband Deutscher Physikalischer Gesellschaften</marc:subfield>
      <marc:subfield code="b">Fachausschuss Halbleiterphysik</marc:subfield>
      <marc:subfield code="e">Herausgebendes Organ</marc:subfield>
      <marc:subfield code="4">isb</marc:subfield>
      <marc:subfield code="2">gnd</marc:subfield>
    </marc:datafield>
    <marc:datafield tag="710" ind1="2" ind2=" ">
      <marc:subfield code="0">(DE-588)2007979-5</marc:subfield>
      <marc:subfield code="0">https://d-nb.info/gnd/2007979-5</marc:subfield>
      <marc:subfield code="0">(DE-101)004678133</marc:subfield>
      <marc:subfield code="a">Deutsche Physikalische Gesellschaft</marc:subfield>
      <marc:subfield code="b">Fachausschuss Halbleiterphysik</marc:subfield>
      <marc:subfield code="e">Herausgebendes Organ</marc:subfield>
      <marc:subfield code="4">isb</marc:subfield>
      <marc:subfield code="2">gnd</marc:subfield>
    </marc:datafield>
    <marc:datafield tag="710" ind1="2" ind2=" ">
      <marc:subfield code="0">(DE-588)2007947-3</marc:subfield>
      <marc:subfield code="0">https://d-nb.info/gnd/2007947-3</marc:subfield>
      <marc:subfield code="0">(DE-101)004677854</marc:subfield>
      <marc:subfield code="a">Arbeitsgemeinschaft Halbleiter</marc:subfield>
      <marc:subfield code="e">Herausgebendes Organ</marc:subfield>
      <marc:subfield code="4">isb</marc:subfield>
      <marc:subfield code="2">gnd</marc:subfield>
    </marc:datafield>
    <marc:datafield tag="780" ind1="0" ind2="0">
      <marc:subfield code="i">Vorg.:</marc:subfield>
      <marc:subfield code="a">Verband Deutscher Physikalischer Gesellschaften / Fachausschuss Halbleiterphysik</marc:subfield>
      <marc:subfield code="t">Halbleiterprobleme in Referaten des Halbleiterausschusses des Verbandes Deutscher Physikalischer Gesellschaften</marc:subfield>
      <marc:subfield code="d">Braunschweig : Vieweg, 1954-1961</marc:subfield>
      <marc:subfield code="x">0506-6743</marc:subfield>
      <marc:subfield code="w">(DE-600)2334-6</marc:subfield>
      <marc:subfield code="w">(DE-101)010032797</marc:subfield>
    </marc:datafield>
    <marc:datafield tag="785" ind1="0" ind2="0">
      <marc:subfield code="i">Forts.:</marc:subfield>
      <marc:subfield code="t">Advances in solid state physics</marc:subfield>
      <marc:subfield code="d">Berlin ; Heidelberg : Springer, 1999-2009</marc:subfield>
      <marc:subfield code="x">1438-4329</marc:subfield>
      <marc:subfield code="w">(DE-600)1490658-2</marc:subfield>
      <marc:subfield code="w">(DE-101)019834586</marc:subfield>
    </marc:datafield>
    <marc:datafield tag="787" ind1="0" ind2="8">
      <marc:subfield code="i">22=46; 24=48; 28=52 von</marc:subfield>
      <marc:subfield code="a">Deutsche Physikalische Gesellschaft</marc:subfield>
      <marc:subfield code="t">Plenary lectures of the ... annual meeting of the German Physical Society, DPG</marc:subfield>
      <marc:subfield code="d">Braunschweig : Vieweg, 1982-</marc:subfield>
      <marc:subfield code="w">(DE-600)231014-4</marc:subfield>
      <marc:subfield code="w">(DE-101)011379529</marc:subfield>
    </marc:datafield>
    <marc:datafield tag="787" ind1="0" ind2="8">
      <marc:subfield code="i">25=5 von</marc:subfield>
      <marc:subfield code="a">European Physical Society / Condensed Matter Division</marc:subfield>
      <marc:subfield code="t">General conference of the Condensed Matter Division (CMD) / European Physical Society</marc:subfield>
      <marc:subfield code="d">Braunschweig ; Wiesbaden : Vieweg, 1982-1985</marc:subfield>
      <marc:subfield code="w">(DE-600)1228237-6</marc:subfield>
      <marc:subfield code="w">(DE-101)017543967</marc:subfield>
    </marc:datafield>
    <marc:datafield tag="787" ind1="0" ind2="8">
      <marc:subfield code="i">32=1992 von</marc:subfield>
      <marc:subfield code="a">Deutsche Physikalische Gesellschaft / Arbeitskreis Festkörperphysik</marc:subfield>
      <marc:subfield code="t">Plenary lectures of the Divisions Semiconductor Physics, Thin Films, Dynamics and Statistical Physics, Magnetism, Metal Physics, Surface Physics, Low temperature Physics of the German Physical Society (DPG)</marc:subfield>
      <marc:subfield code="d">Braunschweig ; Wiesbaden : Vieweg, 1992-</marc:subfield>
      <marc:subfield code="w">(DE-600)1130479-0</marc:subfield>
      <marc:subfield code="w">(DE-101)016596153</marc:subfield>
    </marc:datafield>
    <marc:datafield tag="850" ind1=" " ind2=" ">
      <marc:subfield code="a">DE-101a</marc:subfield>
      <marc:subfield code="a">DE-101b</marc:subfield>
    </marc:datafield>
    <marc:datafield tag="889" ind1=" " ind2=" ">
      <marc:subfield code="w">(DE-101)947027645</marc:subfield>
    </marc:datafield>
    <marc:datafield tag="925" ind1="r" ind2=" ">
      <marc:subfield code="a">ra</marc:subfield>
    </marc:datafield>
  </marc:record>
</marc:collection>
